Quiz o Wieliczce - Statystyki

Ogólne statystyki
  • Ten quiz został rozwiązany 27 razy
  • Średni wynik to 10 z 15
Statystyki odpowiedzi
Pytanie Odpowiedź % Poprawnych
Wielkie miasto sąsiadujące z Wieliczką: Kraków
100%
Tablice rejestracyjne: KWI
100%
Miasto z taką samą atrakcją blisko Wieliczki: Bochnia
95%
W jakim leży województwie? Małopolskie
95%
Autostrada, która zahacza o Wieliczkę: A4
90%
Atrakcja wpisana na Listę Światowego Dziedzictwa UNESCO: {Kopalnia soli} w Wieliczce
85%
Najbliższe państwo: Słowacja
85%
Narzędzia występujące na herbie Wieliczki: Kilofy
80%
Narzędzia występujące na herbie Wieliczki: Młot
75%
W którym wieku to miasto zyskało prawa miejskie? XIII
70%
Najsłynniejszy klub piłkarski w tym mieście: {Górnik} Wieliczka
65%
Jaki jest numer kierunkowy w tym mieście? 12
35%
Droga krajowa przebiegająca przez Wieliczkę: 94
30%
Jak się nazywa aktualny burmistrz Wieliczki? Rafał Ślęczka
20%
Jak się nazywa najdłuższa Wielicka rzeka? Serafa
10%
Nie znaleziono quizów pasujących do podanych kryteriów
Rozkład punktacji
Procent ludzi z każdym wynikiem
Percentyl według liczby udzielonych odpowiedzi
Twoja historia wyników
Nie rozwiązałeś tego quizu